000 00801nam a2200265Ia 4500
003 OSt
005 20220927105316.0
006 a|||||r|||| 00| 0
007 ta
008 220926b |||||||| |||| 00| 0 eng d
020 _a9789211045770
024 _a174112
037 _cReference Collections
040 _aRTL
_cRTL
_beng
041 _2eng
_aeng
082 _a"U287.1, P7/UN"
110 _a"UNITED NATIONS ,ECONOMIC AND SOCIAL AFFAIRS"
245 0 _ainternational development agenda and the climate change challenge
260 _aNew
_bYork United Nations
_c2007
300 _a"viii,20p"
_ccm.
500 _aBibliography P 20
700 _a"UNITED NATIONS ,ECONOMIC AND SOCIAL AFFAIRS"
942 _h"U287.1, P7/UN"
_cCC
999 _c691724
_d691724